Una experiencia de conocimiento situado: la línea de jóvenes y culturas juveniles del DIUC /

Guardado en:
Bibliografiske detaljer
Hovedforfatter: Serrano A., José Fernando
Andre forfattere: Arango, Ana María, Quintero, Fernando, Bejarano, Leonardo
Format: Texto
Tags: Tilføj Tag
Ingen Tags, Vær først til at tagge denne postø!

MARC

LEADER 00000 a a2200000 04500
001 10204
003
040
100 |a Serrano A., José Fernando  
245 |a Una experiencia de conocimiento situado:   |b la línea de jóvenes y culturas juveniles del DIUC /  |c José Fernando Serrano A.; Ana María Arango ; Fernando Quintero ; Leonardo Bejarano 
700 |a Arango, Ana María  
700 |a Quintero, Fernando 
700 |a Bejarano, Leonardo  
773 |g número 30; páginas 118-131  
999 |c 26657  |d 26657